Estadísticas para Países más Cercanos a Israel

Haz click aquí para tomar la prueba!

Estadísticas generales

  • Esta prueba ha sido tomada 4.117 veces
  • La puntuación promedio es 17 de 20

Estadísticas de respuestas

kmPaísmillas% Correcto
291Irak181
97%
16Arabia Saudita10
96%
0Egipto0
96%
906Irán563
96%
0Jordania0
96%
285Turquía177
96%
0Siria0
95%
0Líbano0
94%
228Chipre142
91%
1057Georgia657
88%
1047Armenia651
87%
723Grecia449
87%
1082Azerbaiyán672
86%
834Libia518
82%
1093Kuwait679
80%
1188Rusia738
75%
1169Bulgaria726
71%
833Sudán518
71%
1339Eritrea932
59%
1314Rumania816
58%

Distribución de puntuación

Porcentaje por número respondido

Porcentaje de gente con cada puntuación

Historial de tus puntuaciones

No has tomado esta prueba